| 000 | 02120aam a2200361 i 4500 | ||
|---|---|---|---|
| 001 | 768714001 | ||
| 003 | CO-MdFUSB | ||
| 005 | 20231128154252.0 | ||
| 007 | ta | ||
| 008 | 230926t20002007flua||ag |||| 00| 0 spa d | ||
| 020 | _a9780881135640 | ||
| 040 |
_aCO-MdFUSB _bspa _cCO-MdFUSB _dCO-MdFUSBC _erda |
||
| 041 | _aspa | ||
| 082 |
_223 _a332.024 _bP187 |
||
| 100 |
_aPanasiuk, Andrés, _eautor |
||
| 245 |
_a¿Como llego a fin de mes? _c/ Andrés Panasiuk |
||
| 264 | 1 |
_aFlorida : _bGrupo Nelson, _c[2000] |
|
| 264 | 4 | _c©2000 | |
| 300 |
_a281 páginas _c; 22 cm. |
||
| 336 |
_2rdacontent _atexto _btxt |
||
| 337 |
_2rdamedia _asin mediación _bn |
||
| 338 |
_2rdacarrier _avolumen _bnc |
||
| 505 |
_tParte I. Secretos para ganar: _aSecretos para ganar una actitud diferente. -- Secretos para ganar un carácter maduro -- Secretos para ganar un plan eficaz. |
||
| 505 |
_tParte II. Ingredientes del éxito: _aIngredientes del exito. -- Prepare un plan económico -- Ingredientes del exito. establezca un estilo -- Ingredientes del exito. sea fiel a sus principios hasta las últimas consecuencias -- Ingredientes del exito. pague sus préstamos -- Ingredientes del exito. prepárese para la edad madura -- Ingredientes del exito. planee la distribución de su herencia. |
||
| 505 | _t Parte III. Sabiduría popular. | ||
| 520 | _aPor fin un libro que no solamente promete cambiar nuestras finanzas, ¡sino también nuestras vidas! Hoy tienes la decisión en tus manos: continuar viviendo como lo has hecho hasta ahora, o moverte a un nuevo nivel de pensamientos que cambiara realmente (y para siempre) tu manera de enfrentarte a la vida económica. Esta obra ofrece un método para alcanzar la prosperidad personal y la seguridad financiera. parte de una lista de principios para manejar efectivamente las finanzas, tales como: Comprender el manejo de un presupuesto Aprender a vivir dentro de los ingresos Manejar los principios del ahorro. | ||
| 563 | _aRústico | ||
| 653 | _aFinanzas personales | ||
| 653 | _aAdministración financiera | ||
| 653 | _aMayordomía | ||
| 942 | _cBK | ||
| 945 | _asor1564 | ||
| 999 |
_c69054 _d69054 |
||